01338 2200301 4500001002100000005001500021035002000036007000300056008004100059020001800100082001100118084001900129100002900148245008000177250001400257300004600271520051400317600001300831264003800844336002100882337003000903338002300933990001600956990001600972990001600988990001601004990001601020INLIS00000000000017720210204102924 a0010-0121000172ta210204 g 1 ind  a979-9481-49-x a372.62 a372.62 ARI. k0 aM. Arif HakimePengarang1 aKiat Men ulis Artikel Di Media :bDari Pemula Sampai Mahir /cM. Arif Hakim aCetakan 2 ai, 184 Halaman :bIlustrasi ;c19 x 12 cm aBuku tentang ‘kiat menulis’ dan ‘seni menulis’ ini mencoba memperbincangkan banyak hal di sekitar dunia tulis menulis dan karang mengarang. Atau lebih luas lagi berusaha mendialogkan dunia ide, gagasan, dan tulisan, secara cukup intens. Dengan menulis, seseorang akan punya sumbangsih bagi (masa depan) kemanusiaan, juga dengan menulis seseorang akan bisa mandiri. Semoga buku sederhana ini bisa dimanfaatkan oleh siapapun yang ingin “bersentuhan” dengan wacana tulis menulis dan karang mengarang. 4aMotivasi aBandung :bNuansa Cendekia,c2004 aTeks2rdacontent aTanpa Perantara2rdamedia aVolume2rdacarrier a00000000612 a00000000613 a00000000614 a00000000615 a00000000616